Too many plans? (Record no. 72674)

MARC details
000 -LEADER
fixed length control field 01644cam a2200289 4500
001 - CONTROL NUMBER
control field ABS66730
008 - FIXED-LENGTH DATA ELEMENTS--GENERAL INFORMATION
fixed length control field 030515n2003 000 0 eng u
035 ## - SYSTEM CONTROL NUMBER
System control number (Sirsi) u122288
100 ## - MAIN ENTRY--PERSONAL NAME
Personal name McLarty, I.
245 ## - TITLE STATEMENT
Title Too many plans?
260 ## - PUBLICATION, DISTRIBUTION, ETC.
Date of publication, distribution, etc. 2003
490 ## - SERIES STATEMENT
Series statement Scottish Planning and Environmental Law
Volume/sequential designation (96) April 2003, 31-33(2)
520 ## - SUMMARY, ETC.
Summary, etc. Debate about the number of plans, reports, strategies and programmes produced by Scottish local authorities and the way these interact with development plans and development control decisions. Highlights the Scottish Executive's "Review of strategic planning" consultation paper published in June 2001 and outlines similar measures in England and Wales to reduce bureaucracy in local government, many of which were included in the planning green paper. Questions whether the various plans are 'material considerations' and considers how they relate to determining planning applications. Provides explanations of community plan and local plan preparation procedures using the example of Renfrewshire, highlighting in particular the high level of public consultation. Concludes that confusion still exists about the relationship between development plans and other plans.
590 ## - LOCAL NOTE (RLIN)
Local note ABS
650 ## - SUBJECT ADDED ENTRY--TOPICAL TERM
Topical term or geographic name entry element MATERIAL CONSIDERATIONS
650 ## - SUBJECT ADDED ENTRY--TOPICAL TERM
Topical term or geographic name entry element PLANNING POLICY
650 ## - SUBJECT ADDED ENTRY--TOPICAL TERM
Topical term or geographic name entry element DEVELOPMENT PLANNING
650 ## - SUBJECT ADDED ENTRY--TOPICAL TERM
Topical term or geographic name entry element LOCAL PLANNING
650 ## - SUBJECT ADDED ENTRY--TOPICAL TERM
Topical term or geographic name entry element COMMUNITY PLANS
650 ## - SUBJECT ADDED ENTRY--TOPICAL TERM
Topical term or geographic name entry element PLANNING SYSTEM
650 ## - SUBJECT ADDED ENTRY--TOPICAL TERM
Topical term or geographic name entry element DEVELOPMENT CONTROL
650 ## - SUBJECT ADDED ENTRY--TOPICAL TERM
Topical term or geographic name entry element RENFREWSHIRE
650 ## - SUBJECT ADDED ENTRY--TOPICAL TERM
Topical term or geographic name entry element SCOTLAND
690 ## - LOCAL SUBJECT ADDED ENTRY--TOPICAL TERM (OCLC, RLIN)
Topical term or geographic name as entry element ENVIRONMENTAL AND LAND CONSULTANCY-PLANNING AND DEVELOPMENT
700 ## - ADDED ENTRY--PERSONAL NAME
Personal name Kerr, J.
942 ## - ADDED ENTRY ELEMENTS (KOHA)
Suppress in OPAC 0
Holdings
Withdrawn status Lost status Source of classification or shelving scheme Damaged status Not for loan Home library Current library Shelving location Date acquired Total Checkouts Full call number Barcode Date last seen Copy number Price effective from Koha item type
    Dewey Decimal Classification     London London Journal article 15/05/2003   ABS66730 122288-1001 06/08/2019 1 06/08/2019 Journal article